Statistics for They Shoot Pictures, Don't They? - films 401 to 420

Click here to take the quiz!

General Stats

  • This quiz has been taken 24 times
  • The average score is 7 of 20

Answer Stats

Answer% Correct
Snow White and the Seven Dwarfs
100%
The Silence of the Lambs
100%
Fantasia
74%
This Is Spinal Tap
68%
Dogville
42%
Suspiria
42%
Dawn of the Dead
32%
Woman in the Dunes
32%
Safe
26%
Day for Night
21%
Eyes without a Face
21%
Opening Night
21%
The Headless Woman
21%
Days of Being Wild
16%
Europa '51
16%
Salvatore Giuliano
16%
The Awful Truth
16%
Chelsea Girls
11%
Le Plaisir
11%
The Thin Blue Line
11%

Score Distribution

Percentile by Number Answered

Percent of People with Each Score

Your Score History

You have not taken this quiz